Score 0/25 Timer 08:00
13 Plays Today
% Correct
Maple Tree
91.3%
Québec
89.3%
Ottawa
89.2%
Eight
88.9%
Vancouver
86.3%
Ontario
83.4%
Justin Trudeau
79.4%
Calgary
76.9%
Yukon River
76.6%
Nova Scotia
76.4%
CN Tower
74.9%
North American Beaver
74%
Labrador
73%
% Correct
Ice Hockey
70.3%
O Canada
69.7%
Newfoundland
69.1%
Inuit
67.9%
China
67.2%
Winnipeg
66.8%
Nunavut
64.4%
CAD
62%
Baffin Island
58.9%
Mackenzie River
50.7%
From Sea to Sea
43.9%
Great Bear Lake
36.5%
Remove Ads.
Support Sporcle.
Get the best of Sporcle when you Go Orange. This ad-free experience offers more features, more stats, and more fun while also helping to support Sporcle. Thank you for becoming a member.

You're not logged in!

Compare scores with friends on all Sporcle quizzes.
OR
Log In

Show Comments

Extras

Top Quizzes Today


Score Distribution

Your Account Isn't Verified!

In order to create a playlist on Sporcle, you need to verify the email address you used during registration. Go to your Sporcle Settings to finish the process.

Report this User

Report this user for behavior that violates our Community Guidelines.

Details: